Tareas /
Guardado en:
| Institution som forfatter: | |
|---|---|
| Format: | Bog |
| Sprog: | Spanish |
| Udgivet: |
Panamá:
CELA,
1960-
|
| Fag: | |
| Tags: |
Tilføj Tag
Ingen Tags, Vær først til at tagge denne postø!
|
MARC
| LEADER | 00000nam a22000007a 4500 | ||
|---|---|---|---|
| 003 | cru CIDCACS/IIS | ||
| 005 | 20190116111906.0 | ||
| 007 | ta | ||
| 008 | 190116s1960 pn q||p|r||||||0| ||spa|d | ||
| 999 | |c 42041 |d 42041 | ||
| 022 | |a 04947061 | ||
| 040 | |c cru CIDCACS/IIS | ||
| 090 | |a REV0967 | ||
| 110 | 2 | |9 8199 |a Centro de Estudios Latinoamericanos (CELA) | |
| 245 | 1 | |a Tareas / |c Centro de Estudios Latinoamericanos | |
| 260 | |a Panamá: |b CELA, |c 1960- | ||
| 270 | |a CELA Justo Arosemena apartado. 0823-0159, Panamá, R, Panamá |d Panamá | ||
| 500 | |a EXISTENCIAS : 1972-1988 (22-70) 1989 (71, 73) 1990-1991 (74-79, *esp.aniv.) 1992 (80, 81) 1993 (83, 85) 1995 (89-90) 1996 (92-94) 1997 (96) 1998 (99) 1999 (102-103) 2000 (104-105) 2003 (114) 2006(122) 2008(130) | ||
| 500 | |a Trimestral | ||
| 650 | 0 | |9 38 |a DERECHOS HUMANOS | |
| 650 | 0 | |9 84 |a FILOSOFIA | |
| 650 | 0 | |9 2520 |a CRISIS | |
| 650 | 0 | |9 136 |a HISTORIA | |
| 650 | 0 | |9 243 |a ESTADO | |
| 650 | 4 | |9 1921 |a INTERVENCION EXTRANJERA | |
| 650 | 0 | |9 83 |a DEMOCRACIA | |
| 650 | 0 | |9 137 |a REVOLUCION | |
| 942 | |2 ddc |c PP | ||
